000 00382nam a22001577a 4500
008 250128b ||||| |||| 00| 0 eng d
020 _a9789384984601
041 _aeng
082 _a004.6
_bTYC
100 _aTyagi, Amit Kr.
245 _aComputer Networking and Cybersecurity
260 _aNew Delhi
_bHomage Pub.
_c2020
300 _a246p.
650 _aCOMPUTER
942 _cBK
999 _c49181
_d49181